Normal view
MARC view
- OLDMAN, W. G,SCHWARY, S. E
Entry Personal Name
001 - CONTROL NUMBER
- control field: 74268
003 - CONTROL NUMBER IDENTIFIER
- control field: NUST
005 - DATE AND TIME OF LATEST TRANSACTION
- control field: 20210628205155.0
008 - FIXED-LENGTH DATA ELEMENTS
- fixed length control field: 210628|| aca||aabn | a|a d
040 ## - CATALOGING SOURCE
- Original cataloging agency: NUST
- Transcribing agency: NUST
100 ## - HEADING--PERSONAL NAME
- Personal name: OLDMAN, W. G,SCHWARY, S. E
670 ## - SOURCE DATA FOUND
- Source citation: Work cat.: (NUST): OLDMAN, W. G,SCHWARY, S. E, ELECTRICAL ENGINEERING AN INTRODUCTION, 1984
